| 000 | 00775nam a22002415i 4500 | ||
|---|---|---|---|
| 001 | 11865 | ||
| 003 | ES-MaACL | ||
| 005 | 20250827063201.0 | ||
| 007 | t| | ||
| 008 | 960320s1995 sp ||||0| spa j | ||
| 020 | _a84-239-9126-1 | ||
| 040 |
_aM-BN _bspa _cM-BN |
||
| 080 | _a860-14"19" | ||
| 100 | 1 |
_aCampmany, Jaime, _d1925-2005 _934187 |
|
| 245 | 1 | 3 |
_aEl libro de los romances / _cJaime Campmany ; prólogo de Federico Jiménez Losantos. |
| 260 |
_aMadrid : _bEspasa-Calpe, _c1995. |
||
| 300 |
_a249 p., [8] p. de lám ; _c18 cm. |
||
| 490 | 1 |
_aGrandes de bolsillo ; _v21 |
|
| 700 | 0 |
_aJiménez Losantos, Federico, _d1951- _966551 |
|
| 830 | 0 |
_aGrandes de bolsillo ; _v21 _9228227 |
|
| 852 |
_aES-MaACL _jL-19229 _bR.125168 |
||
| 999 |
_c11865 _d11865 |
||